|
|
|
|
| LEADER |
00000nam a2200000 i 4500 |
| 001 |
1/41923 |
| 008 |
140212s2011 eng d |
| 020 |
|
|
|a 978-90-481-8926-7
|
| 035 |
|
|
|l 10116655
|
| 040 |
|
|
|a GR-MY-UA
|b gre
|e aacr
|
| 041 |
0 |
|
|a eng
|
| 082 |
0 |
|
|a 910.285
|2 (23)
|
| 245 |
1 |
0 |
|a Agent-based models of geographical systems /
|c Alison J. Heppenstall ... [κ. α.], editors
|
| 260 |
|
|
|a New York :
|b Springer,
|c 2011
|
| 300 |
|
|
|a 759 σ.;
|c 26 εκ.
|
| 504 |
|
|
|a Περιλαμβάνει βιβλιογραφία και ευρετήριο
|
| 650 |
0 |
0 |
|a Spatial analysis (Statistics)
|
| 650 |
0 |
0 |
|a Spatial systems.
|
| 700 |
1 |
|
|a Heppenstall, Alison J.
|e edt
|
| 852 |
|
|
|a INST
|b LESVOS
|e 20140212
|h 910.285 AGE
|p 005100053631
|q 005100053631
|t BK
|y 0
|
| 901 |
|
|
|a BIBL1-2014-1
|
| 909 |
|
|
|a Λ
|b 179358
|
| 922 |
|
|
|a 1ΕΛΗ
|b 201306
|c ΤΜΗΜΑ ΓΕΩΓΡΑΦΙΑΣ
|d ΙΩΑΝΝΙΔΟΥ
|
| 970 |
|
|
|a ΤΖΑΦΕΡΗ
|b ΕΥΑΓΓΕΛΙΑ
|z 2014/02/13
|